书目信息 |
| 题名: |
智慧英语教学
|
|
| 作者: | 梁冠华 , 董淦龙 编著 | |
| 分册: | ||
| 出版信息: | 长春 东北师范大学出版社 2020 |
|
| 页数: | 264页 | |
| 开本: | 24cm | |
| 丛书名: | 名师名校名校长书系 | |
| 单 册: | ||
| 中图分类: | G633.412 | |
| 科图分类: | ||
| 主题词: | 英语课--课堂教学--教学研究--中小学 | |
| 电子资源: | ||
| ISBN: | 978-7-5681-6355-2 | |
| 000 | 01004nam0 2200253 450 | |
| 001 | 2374617693 | |
| 005 | 20231022204348.38 | |
| 010 | @a978-7-5681-6355-2@dCNY45.00 | |
| 100 | @a20200804d2020 em y0chiy50 ea | |
| 101 | 0 | @achi@aeng |
| 102 | @aCN@b220000 | |
| 105 | @aa z 000yy | |
| 200 | 1 | @a智慧英语教学@Azhi hui ying yu jiao xue@e我们在路上@f梁冠华,董淦龙编著 |
| 210 | @a长春@c东北师范大学出版社@d2020 | |
| 215 | @a264页@c图@d24cm | |
| 225 | 1 | @a名师名校名校长书系 |
| 330 | @a本书分为方法探究、实例分析、创新课堂、人文培养四篇,其中包括:在小学英语单词教学中如何渗透语音教学、高中英语教学中跨学科知识的渗透、巧用思维导图令英语课堂如虎添翼、探索高三英语词汇复习模式、小微课创造英语大课堂、让英语课后作业不再成为负担等内容。 | |
| 410 | 0 | @12001 @a名师名校名校长书系 |
| 606 | 0 | @a英语课@x课堂教学@x教学研究@x中小学 |
| 690 | @aG633.412@v5 | |
| 701 | 0 | @a梁冠华@Aliang guan hua@4编著 |
| 701 | 0 | @a董淦龙@Adong gan long@4编著 |
| 801 | 0 | @aCN@b91MARC@c20200819 |
| 905 | @aZUCC@dG633.412@e10 | |
| 智慧英语教学:我们在路上/梁冠华,董淦龙编著.-长春:东北师范大学出版社,2020 |
| 264页:图;24cm.-(名师名校名校长书系) |
| ISBN 978-7-5681-6355-2:CNY45.00 |
| 本书分为方法探究、实例分析、创新课堂、人文培养四篇,其中包括:在小学英语单词教学中如何渗透语音教学、高中英语教学中跨学科知识的渗透、巧用思维导图令英语课堂如虎添翼、探索高三英语词汇复习模式、小微课创造英语大课堂、让英语课后作业不再成为负担等内容。 |
| ● |
| 相关链接 |
|
|
|
正题名:智慧英语教学
索取号:G633.412/10
 
预约/预借
| 序号 | 登录号 | 条形码 | 馆藏地/架位号 | 状态 | 备注 |
| 1 | 2001034749 | 2001034749 | 第四书库/四8架A面2层2列/ [索取号:G633.412/10] | 在馆 | |
| 2 | 2001034750 | 2001034750 | 第四书库/四8架A面3层2列/ [索取号:G633.412/10] | 在馆 | |
| 3 | 2001034751 | 2001034751 | 第四书库/四8架A面3层2列/ [索取号:G633.412/10] | 在馆 | |
| 4 | 2001034752 | 2001034752 | 第四书库/四8架A面3层2列/ [索取号:G633.412/10] | 在馆 | |
| 5 | 2001034753 | 2001034753 | 第四书库/四8架A面3层2列/ [索取号:G633.412/10] | 在馆 | |
| 6 | 2001034754 | 2001034754 | 第四书库/四8架A面3层2列/ [索取号:G633.412/10] | 在馆 |